| 000 | 00754cam a2200229 a 4500 | ||
|---|---|---|---|
| 001 | unk83021019 | ||
| 003 | DLC | ||
| 005 | 20260227112800.0 | ||
| 008 | 830808s1955 ii b 001 0 hino | ||
| 010 | _aunk83021019 | ||
| 040 |
_aDLC _cDLC _dDLC |
||
| 050 | 0 | 0 |
_aBL1202 _b.S465 1955 |
| 100 | 1 |
_aSiṃha, Triveṇīprasāda, _d1918- |
|
| 245 | 1 | 0 |
_aHindu-dhārmika kathāoṃ ke bhautika artha / _cTriveṇīprasādasiṃha. |
| 250 | _a1. saṃskaraṇa. | ||
| 260 |
_aPaṭanā : _bBihāra-Rāshṭrabhāshā-Parishad, _c[1955] |
||
| 300 |
_a7, 122 p. ; _c25 cm. |
||
| 546 | _aIn Hindi. | ||
| 504 | _aIncludes bibliographical references (p. [133]-135) and index. | ||
| 650 | 0 | _aHindu mythology. | |
| 650 | 0 |
_aHindu literature _xHistory and criticism. |
|
| 999 |
_c91435 _d91435 |
||